000 00529nam a2200181Ia 4500
003 OSt
005 20240423102116.0
008 210210b1963 xxu||||| |||| 00| 0 eng d
040 _cAL
041 _aKannada
082 _a856/246
100 _aLAKSHMANARAV (K S) ಲಕ್ಷ್ಮಣರಾವ್ ಕೆ ಎಸ್
_9162043
245 _aJivasatvagalu
_bಜೀವಸತ್ವಗಳು
260 _aMaisuru
_bMaisuru Vishvavidyanilaya
_c1963
690 _aKannada Miscellaneous
_9162044
906 _a020483
942 _2ddc
_cBK
999 _c144631
_d144631